|
|
|
|
| LEADER |
01305nam a2200361Ia 4500 |
| 001 |
EBC422851 |
| 003 |
MiAaPQ |
| 005 |
20200520144314.0 |
| 006 |
m o d | |
| 007 |
cr cn||||||||| |
| 008 |
030929s2004 enk sb 001 0 eng d |
| 020 |
|
|
|z 019926807X
|
| 020 |
|
|
|z 0199286825
|
| 020 |
|
|
|z 9780199268078
|
| 035 |
|
|
|a (MiAaPQ)EBC422851
|
| 035 |
|
|
|a (Au-PeEL)EBL422851
|
| 035 |
|
|
|a (CaPaEBR)ebr10177922
|
| 035 |
|
|
|a (CaONFJC)MIL90386
|
| 035 |
|
|
|a (OCoLC)476260037
|
| 040 |
|
|
|a MiAaPQ
|c MiAaPQ
|d MiAaPQ
|
| 050 |
|
4 |
|a HD58.82
|b .A737 2004
|
| 082 |
0 |
4 |
|a 658.4038
|2 22
|
| 100 |
1 |
|
|a Argyris, Chris,
|d 1923-
|
| 245 |
1 |
0 |
|a Reasons and rationalizations
|h [electronic resource] :
|b the limits to organizational knowledge /
|c Chris Argyris.
|
| 260 |
|
|
|a Oxford ;
|a New York :
|b Oxford University Press,
|c 2004.
|
| 300 |
|
|
|a vi, 242 p.
|
| 504 |
|
|
|a Includes bibliographical references and index.
|
| 533 |
|
|
|a Electronic reproduction. Ann Arbor, MI : ProQuest, 2015. Available via World Wide Web. Access may be limited to ProQuest affiliated libraries.
|
| 650 |
|
0 |
|a Organizational learning.
|
| 650 |
|
0 |
|a Knowledge management.
|
| 655 |
|
4 |
|a Electronic books.
|
| 710 |
2 |
|
|a ProQuest (Firm)
|
| 856 |
4 |
0 |
|u https://ebookcentral.proquest.com/lib/matrademy/detail.action?docID=422851
|z Click to View
|